Catalog

Record Details

Catalog Search



Temporal Logic and State Systems Cover Image E-book E-book

Temporal Logic and State Systems [electronic resource] / by Fred Kröger, Stephan Merz.

Kröger, Fred. (author.). Merz, Stephan. (author.). SpringerLink (Online service) (Added Author).

Record details

  • ISBN: 9783540686354
  • Physical Description: online resource.
  • Publisher: Berlin, Heidelberg : Springer Berlin Heidelberg, 2008.
Subject: Computer science.
Software engineering.
Logic design.
Computer Science.
Mathematical Logic and Formal Languages.
Software Engineering.
Programming Languages, Compilers, Interpreters.
Logics and Meanings of Programs.

Electronic resources


LDR 01676nam a22004455i 4500
00134654
003CONS
00520131219104350.0
007cr nn 008mamaa
008100301s2008 gw | s |||| 0|eng d
020 . ‡a9783540686354 ‡9978-3-540-68635-4
0247 . ‡a10.1007/978-3-540-68635-4 ‡2doi
035 . ‡a(DE-He213)978-3-540-68635-4
050 4. ‡aQA8.9-QA10.3
072 7. ‡aUYA ‡2bicssc
072 7. ‡aMAT018000 ‡2bisacsh
072 7. ‡aCOM051010 ‡2bisacsh
1001 . ‡aKröger, Fred. ‡eauthor.
24510. ‡aTemporal Logic and State Systems ‡h[electronic resource] / ‡cby Fred Kröger, Stephan Merz.
264 1. ‡aBerlin, Heidelberg : ‡bSpringer Berlin Heidelberg, ‡c2008.
300 . ‡bonline resource.
336 . ‡atext ‡btxt ‡2rdacontent
337 . ‡acomputer ‡bc ‡2rdamedia
338 . ‡aonline resource ‡bcr ‡2rdacarrier
347 . ‡atext file ‡bPDF ‡2rda
4901 . ‡aTexts in Theoretical Computer Science, An EATCS Series, ‡x1862-4499
650 0. ‡aComputer science.
650 0. ‡aSoftware engineering.
650 0. ‡aLogic design.
65014. ‡aComputer Science.
65024. ‡aMathematical Logic and Formal Languages.
65024. ‡aSoftware Engineering.
65024. ‡aProgramming Languages, Compilers, Interpreters.
65024. ‡aLogics and Meanings of Programs.
7001 . ‡aMerz, Stephan. ‡eauthor.
7102 . ‡aSpringerLink (Online service)
7730 . ‡tSpringer eBooks
77608. ‡iPrinted edition: ‡z9783540674016
830 0. ‡aTexts in Theoretical Computer Science, An EATCS Series, ‡x1862-4499
85640. ‡uhttp://biblioteca.ipicyt.edu.mx:2048/login?url=http://dx.doi.org/10.1007/978-3-540-68635-4 ‡yTexto completo ‡9CONS
950 . ‡aComputer Science (Springer-11645)
901 . ‡a34654 ‡b ‡c34654 ‡tbiblio ‡sSystem Local

Additional Resources